Carnicerito de México /

Na minha lista:
Detalhes bibliográficos
Autor principal: Casillas, José Alberto (autor)
Formato: Livro
Idioma:espanhol
Publicado em: México : Aristos, 1966, 1966
Assuntos:
Tags: Adicionar Tag
Sem tags, seja o primeiro a adicionar uma tag!

MARC

LEADER 00000nam^a2200000^a^4500
001 000620625
005 20250910000000.0
009 20260310133844.122
037 |a Acervo ITESO - Biblioteca 
041 |a ESP 
082 |a 791. 820972  |b CAS 
100 |a Casillas, José Alberto  |e (autor) 
245 1 0 |a Carnicerito de México /  |c J.A. Casillas. 
264 4 |a México :  |b Aristos,  |c 1966, 1966 
300 |a 75 p. 
336 |a texto  |b txt  |2 rdacontenido 
337 |a sin mediación  |b n  |2 rdamedio 
338 |a volumen  |b nc  |2 rdasoporte 
649 |a XX 
650 |a Toreros Mexicanos -  |x Biografías -  |x Tema Principal 
650 |a Corridas de Toros -  |z México -  |x Historia -  |y Siglo XX 
650 |a Corridas de Toros -  |z México -  |x Historia 
650 |a Corridas de Toros -  |x Historia -  |y Siglo XX 
650 |a Corridas de Toros -  |x Historia 
650 |a González, José -  |x Tema Principal 
910 |a Fondo Castillo-Martínez 
920 |a Impresos - Libros 
930 |a Fondos Especiales 
905 |a 127 
901 |a 620625-10  |b IT2  |c ESP  |i D128946  |u 20250910 
902 |a https://opac.biblio.iteso.mx/vufind/Record/000620625